The Office Comprehension 05 - Basketball - Statistics

General Stats
  • This quiz has been taken 9 times
  • The average score is 8 of 14
Answer Stats
Hint Answer % Correct
Who is the foreman in the warehouse? Darryl Philbin
100%
Who got elbowed in the nose during the game? Jim Halpert
88%
Who wanted to be on the team, as they played in high school, but Michael ignored? Phyllis Lapin
88%
Who did Michael assume could play, based on stereotypes, when they actually couldn't? Stanley Hudson
88%
Who actually won the game? The warehouse
75%
What is the punishment for the losing team? Work Saturday
75%
What genre of music did Michael compare basketball to? Jazz
63%
What did Jim and Ryan hold up as their secret sign? Their sports bags
63%
Where does Pam plan to be on Saturday? Up at the lake
63%
Why did Michael end the game early? He was ahead
25%
What does Michael think the foreman's nickname is? Mr. Rogers
25%
What does Michael call the warehouse? Whorehouse
25%
What's the name of the first worker Michael introduces to Ryan? Lonny
13%
Why couldn't the game be at 1:15 p.m.? Shipment going out
13%
No matching quizzes found
Score Distribution
Percent of People with Each Score
Percentile by Number Answered
Your Score History
You have not taken this quiz